Ropas de la mujer / (Registro nro. 166910)

Detalles MARC
000 -LEADER
campo de control de longitud fija 00771nam a2200205 i 4500
001 - NÚMERO DE CONTROL
campo de control 166910
003 - IDENTIFICADOR DE NÚMERO DE CONTROL
campo de control ES-MaACL
005 - FECHA Y HORA DE LA ÚLTIMA TRANSACCIÓN
campo de control 20230906213427.0
008 - DATOS DE LONGITUD FIJA--INFORMACIÓN GENERAL
campo de control de longitud fija 000703s1892 sp |||| | spa d
100 1# - ENTRADA PRINCIPAL--NOMBRE DE PERSONA
Nombre de persona Valera Jiménez, Tomás.
9 (RLIN) 133504
245 10 - MENCIÓN DEL TÍTULO
Título Ropas de la mujer /
Mención de responsabilidad, etc. Valera Jiménez.
260 ## - PUBLICACIÓN, DISTRIBUCIÓN, ETC.
Lugar de publicación, distribución, etc. Madrid :
Nombre del editor, distribuidor, etc. [s.n.],
Fecha de publicación, distribución, etc. 1892 (
Fabricante Est. Tip. de Lucas Polo)
300 ## - DESCRIPCIÓN FÍSICA
Extensión 77 p. ;
Dimensiones 21 cm.
490 1# - MENCIÓN DE SERIE
Mención de serie Apuntes de higiene. Colección de artículos ;
Designación de volumen o secuencia 2
650 #4 - PUNTO DE ACCESO ADICIONAL DE MATERIA--TÉRMINO DE MATERIA
Término de materia o nombre geográfico como elemento de entrada Mujeres-
Subdivisión general Salud e higiene.
9 (RLIN) 140598
650 #4 - PUNTO DE ACCESO ADICIONAL DE MATERIA--TÉRMINO DE MATERIA
Término de materia o nombre geográfico como elemento de entrada Prendas de vestir femeninas.
9 (RLIN) 172597
830 1# - PUNTO DE ACCESO ADICIONAL DE SERIE-TÍTULO UNIFORME
Título uniforme Apuntes de higiene. Colección de artículos ;
Designación de volumen o secuencia 2
9 (RLIN) 222587
852 ## - LOCALIZACIÓN
Ubicación ES-MaACL
Número de control de estantería T-686-F-2
Nota libre - Enc. hol., conservando cub. original
-- - Enc. en un vol. facticio
Existencias
Estatus retirado Estado de pérdida Estado de daño No para préstamo Colección Biblioteca de origen Biblioteca actual Ubicación en estantería Fecha de adquisición Total de préstamos Signatura topográfica completa Código de barras Visto por última vez Precio de reemplazo Tipo de ítem Koha
        Colección de folletos Biblioteca del Ateneo de Madrid Biblioteca del Ateneo de Madrid Depósito folletos 17/01/2008   T-686-F-2 1175084 23/02/2023 23/02/2023 Folleto